| 000 | 00657nam a2200205 a 4500 | ||
|---|---|---|---|
| 001 | 000031094 | ||
| 003 | DO-SdBNP | ||
| 005 | 20250310104622.0 | ||
| 008 | 110613nuuuuuuuudr a 000 | spa d | ||
| 040 |
_aDO-SdBNP _bspa _cBNPHU |
||
| 049 | _aBNPD | ||
| 082 |
_axxx _bA939 |
||
| 245 | 0 | 3 | _aLa autoestima. |
| 260 |
_aSanto Domingo : _bFondo Mundial de Lucha Contra el SIDA ; _bCOPRESIDA, _c[s.f.]. |
||
| 300 |
_a18 p. : _bil. ; _c21 cm. |
||
| 490 | 1 |
_aJuventud para la civilización del amor _v1 |
|
| 710 | 2 |
_aConsejo Presidencial del SIDA (República Dominicana) _970981 |
|
| 830 | 0 |
_aJuventud para la civilización del amor; _n1 _957571 |
|
| 942 |
_2ddc _cLBS1 |
||
| 999 |
_c30586 _d30586 |
||